|
|
|
|
| LEADER |
00972nam a2200277 a 4500 |
| 001 |
2145850 |
| 008 |
111119s1999 inua 001 0 eng d |
| 010 |
|
|
|a 98084939
|
| 020 |
|
|
|a 8176352632
|
| 020 |
|
|
|a 0672313057
|
| 040 |
|
|
|a InB
|c InB
|d DLC
|b D-DhAAL
|
| 042 |
|
|
|a lccopycat
|
| 050 |
0 |
0 |
|a QA76.73.P22
|b L46 1999
|
| 082 |
0 |
0 |
|a 005.13/3
|2 21
|
| 100 |
1 |
|
|a Lemay, Laura.
|
| 245 |
1 |
0 |
|a Sams teach yourself Perl in 21 days /
|c Laura Lemay.
|
| 246 |
3 |
|
|a Teach yourself Perl in 21 days
|
| 246 |
3 |
|
|a Perl in 21 days
|
| 260 |
|
|
|a Indianapolis, Ind. :
|b Sams Pub. ;
|a New Delhi :
|b techmedia,
|c c1999.
|
| 300 |
|
|
|a xxvi, 680 p. :
|b ill. ;
|c 24 cm.
|
| 500 |
|
|
|a Includes index.
|
| 541 |
|
|
|e 00012314
|
| 650 |
|
0 |
|a Perl (Computer program language)
|
| 852 |
1 |
|
|a Ayesha Abed Library
|c General shelf.
|
| 999 |
|
|
|c 11435
|d 11435
|
| 952 |
|
|
|0 0
|1 0
|2 ddc
|4 0
|6 005_133000000000000_LEM
|7 0
|9 18588
|a BRACUL
|b BRACUL
|c GEN
|d 2011-11-19
|g 300.00
|l 0
|o 005.133 LEM
|p 3010012314
|r 2011-11-19
|t 1
|w 2011-11-19
|y BK
|